• 首页
  • 本馆介绍
  • 公告通知
  • 最新文献
  • 馆藏检索
  • 电子资源
  • 读者导购
  • 参考咨询
  • 我的图书馆
  • 登录
  • 详细信息显示
  • 放入我的书架
  • 预约/预借图书
  • 作者相关作品
  • 分类相关作品
  • 丛书相关作品
  • 出版社相关作品

书目信息

  • 表格格式
  • 工作单格式
  • 卡片格式
题名:
清真食品产业发展
    
 
作者: 葛忠兴 主编
分册:  
出版信息: 北京   民族出版社  2005.06
页数: 353页
开本: 23cm
丛书名:
单 册:
中图分类: F426.82
科图分类:
主题词: 伊斯兰教--食品工业--经济发展--研究--中国 , 伊斯兰教 , 食品工业 , 经济发展
电子资源:
ISBN: 7-105-07056-0
000 00796nam0 2200253 450
001 002980787
005 20051111143934.0
010    @a7-105-07056-0@dCNY35.00
100    @a20100913d2005 em y0chiy0110 ea
101 0  @achi
102    @aCN@b110000
105    @aa z 000yy
200 1  @a清真食品产业发展@Aqing zhen shi pin chan ye fa zhan@e理论与对策@f葛忠兴主编
210    @a北京@c民族出版社@d2005.06
215    @a353页@c彩照@d23cm
330    @a本书系统介绍了我国清真食品产业发展状况,探讨了我国清真食品产业发展理论和对策。
606 0  @a伊斯兰教@x食品工业@x经济发展@x研究@y中国
606 0  @a伊斯兰教
606 0  @a食品工业
606 0  @a经济发展
690    @aF426.82@v5
701  0 @c(赫哲)@a葛忠兴@Age zhong xing@f(1952.5~)@4主编
905    @aBZT@dF426.82@e18
906    @dCNY35.00@n0@r1
    
    清真食品产业发展:理论与对策/葛忠兴主编.-北京:民族出版社,2005.06
    353页:彩照;23cm
    
    
    ISBN 7-105-07056-0:CNY35.00
    本书系统介绍了我国清真食品产业发展状况,探讨了我国清真食品产业发展理论和对策。
●
相关链接 在五车中查询图书 在当当中查询图书 在豆瓣中查询图书


正题名:清真食品产业发展     索取号:F426.82/18         预约/预借

序号 登录号 条形码 馆藏地/架位号 状态 备注
1 769948   2000769948   中心书库北库/ 北库023架A面5列4层15/ [索取号:F426.82/18] 在馆    
2 769949   2000769949   中心书库北库/ 北库023架A面5列4层16/ [索取号:F426.82/18] 在馆    
3 769950   2000769950   中心书库北库/ 北库023架A面5列4层17/ [索取号:F426.82/18] 在馆    
4 769951   2000769951   中心书库北库/ 北库023架A面5列4层36/ [索取号:F426.82/18] 在馆    
5 769952   2000769952   中心书库北库/ 北库023架A面5列4层14/ [索取号:F426.82/18] 在馆    
6 769953   2000769953   中心书库北库/ 北库023架A面5列4层34/ [索取号:F426.82/18] 在馆    
7 769954   2000769954   中心书库北库/ 北库023架A面5列4层35/ [索取号:F426.82/18] 在馆    
8 769955   2000769955   中心书库北库/ 北库023架A面5列4层32/ [索取号:F426.82/18] 在馆    
9 769956   2000769956   中心书库北库/ 北库023架A面5列4层33/ [索取号:F426.82/18] 在馆    
10 769957   2000769957   中心书库北库/ 北库023架A面5列4层31/ [索取号:F426.82/18] 在馆    
山东省滨州职业学院图书馆 欢迎您!
大连网信软件有限公司© 版权所有